| 000 | 00428nam a22001337a 4500 | ||
|---|---|---|---|
| 003 | NUST | ||
| 082 | _a005.1,MEH | ||
| 100 |
_a Mehmood, Kashif (MSCS-20) _9121332 |
||
| 245 |
_aAutomatic Filtration of Spams in Multilingual Short Messages on Mobile and Social Media / _cKashif Mehmood |
||
| 260 |
_aRawalpindi _bMCS,NUST _cSeptember,2015 |
||
| 300 | _axiii,94 p | ||
| 650 |
_aPG Thesis MSCS | MSCS-20 _9121333 |
||
| 942 |
_2ddc _cTHE |
||
| 999 |
_c608209 _d608209 |
||